| 000 | 00932nam a2200229Ii 4500 | ||
|---|---|---|---|
| 003 | JO-AjNU | ||
| 008 | 230605s9999||||xx |||||||||||||| ||und|| | ||
| 017 | _a2021/10/6109 | ||
| 020 | _a978-9957-35-524-1 | ||
| 040 |
_aJO-AjNU _bara _erda _cJO-AjNU |
||
| 041 | _aara | ||
| 050 | 1 | 4 | _aDP102 2022 |
| 100 | 3 |
_aالحسيني، قاسم عبد سعدون, _eauthor _962729 |
|
| 245 | 0 | 0 | _aالموريسيكيون والعالم الاسلامي من سقوط غرناطة حتى نهاية محاكم التفتيش الأسبانية: دراسة تاريخية وثائقية |
| 250 | _aط1 | ||
| 264 | 3 | 1 | _aعمان: مركز الكتاب الاكاديمي، 2022 |
| 300 | _a333ص | ||
| 336 |
_atext _btxt _2rdacontent |
||
| 337 |
_aunmediated _bn _2rdamedia |
||
| 338 |
_avolume _bnc _2rdacarrier |
||
| 650 | 4 |
_aالموريسيكيون-غرناطة-الحضارة الاسلامية-تاريخ الاندلس711-1492 _962730 |
|
| 999 |
_aA28419 _c31987 _d31987 |
||